header

Bayesian modeling using WinBUGS (Record no. 77350)

MARC details
000 -LEADER
fixed length control field 01306nam a2200337Ia 4500
082 04 - DEWEY DECIMAL CLASSIFICATION NUMBER
Classification number 519.5/42
100 1# - MAIN ENTRY--AUTHOR NAME
Personal name Ntzoufras, Ioannis,
245 10 - TITLE STATEMENT
Title Bayesian modeling using WinBUGS
260 ## - PUBLICATION, DISTRIBUTION, ETC. (IMPRINT)
Place of publication Hoboken, N.J. :
Name of publisher Wiley,
Year of publication c2009.
300 ## - PHYSICAL DESCRIPTION
Number of Pages xxiii, 492 p. :
Other physical details ill.
490 1# - SERIES STATEMENT
Series statement Wiley series in computational statistics
650 #0 - SUBJECT ADDED ENTRY--TOPICAL TERM
Topical Term Bayesian statistical decision theory.
856 40 - ELECTRONIC LOCATION AND ACCESS
Uniform Resource Identifier http://site.ebrary.com/lib/rucke/Doc?id=10296519

No items available.

© 2026 Rongo University
Contact us: librarian | system librarian | Rongo university